Slovník bankovnictví, pojišťovnictví a kapitálových trhů

Salvato in:
Dettagli Bibliografici
Autore principale: Půlpán, Karel
Natura: Libro
Lingua:ceco
Pubblicazione: [S.l.] Nakladatelství Public History [1998]
Soggetti:
Tags: Aggiungi Tag
Nessun Tag, puoi essere il primo ad aggiungerne!!

MARC

LEADER 00000nam a2200000 4500
001 c100917
005 20221109094414.3
020 |a 80-902193-2-2 
041 0 |a cze 
044 |a CZ 
245 1 0 |a Slovník bankovnictví, pojišťovnictví a kapitálových trhů  |c Karel Půlpán... [et al.] 
264 1 |a [S.l.]  |b Nakladatelství Public History  |c [1998] 
300 |a 328 s. 
610 2 0 |a bankovníctvo 
610 2 0 |a poisťovníctvo 
610 2 0 |a trh kapitálový 
610 2 0 |a terminológia 
100 1 |a Půlpán, Karel